000
00285 a2200145 4500
001
168848
020
_a
040
_c
Magnum
100
_a
Pisonero, Isidoro
240
1
0
_a
Pasacalle - v.1
_l
ESP
245
1
0
_a
Pasacalle - v.1
362
0
_a
1899
697
_a
ESPANHOL
942
_c
BK
999
_c
168848
_d
168848